01142 2200349 4500001002100000005001500021035002000036007000300056008004100059020002200100082001500122084001700137100002500154245018500179250003500364300002800399650001500427700002600442700002900468700002400497700003200521264003200553336002100585337003000606338002300636040002200659090002200681850001200703504003300715999002200748990002200770INLIS00000000089299020250204101337 a0010-0225000072ta250204s2024 yoi g ind d a978-623-02-9693-204223a616.39 a616.39 NOF l0 aNofiandriePengarang10aLangkah konkret mengatasi stunting pada balita :bfaktor demografi sosial ekonomi dan intervensi gizi /cNofiandri, Nur M. Ali, Ansar Mursaha, Adhyanti; penyunting, Rizki Nur Utami aCetakan pertama: Desember 2024 ax, 140 halaman ;c23 cm 4aMalnutrisi0 aNur M. AliePengarang0 aAnsar MursahaePengarang0 aAdhyantiePengarang0 aRizki Nur UtamiePenyunting31aSleman :bDeepublish,c2024 2rdacontentateks 2rdamediaatanpa perantara 2rdacarrieravolume aYOPDYOGbinderda aCB-D.11 2024-4663 aYOPDYOG aBibliografi: halaman 115-140 aCB-D.11/2024-4663 aCB-D.11/2024-4663